El hombre y sus símbolos

Kaydedildi:
Detaylı Bibliyografya
Asıl Yazarlar: Jung, Carl Gustav (autor), Franz, Marie Louise von (Yazar), Henderson, Joseph L (Yazar), Jacobi, Jolande (Yazar), Jaffé, Arriela (Yazar)
Materyal Türü: Kitap
Dil:İspanyolca
Baskı/Yayın Bilgisi: Madrid Aguilar 1979
Edisyon:2a. ed
Konular:
Etiketler: Etiketle
Etiket eklenmemiş, İlk siz ekleyin!

MARC

LEADER 00000nam a2200000 a 4500
001 UCV8688
003 CL-VaPUC
008 911120e19790000SP |||||||||||||||||spa|d
082 0 4 |a 154.6  |b JUN  |2 21 
100 |a Jung, Carl Gustav  |e autor  |9 311444 
700 0 |a Franz, Marie Louise von  |e author  |9 302715 
700 0 |a Henderson, Joseph L  |e author  |9 302716 
700 0 |a Jacobi, Jolande  |e author  |9 302717 
700 0 |a Jaffé, Arriela  |e author  |9 302718 
245 1 3 |a El hombre y sus símbolos 
250 |a 2a. ed 
300 |a 320 p 
942 |c BK 
945 |d 19911120 00:00:00 
260 |a Madrid  |b Aguilar  |c 1979 
500 |a Contiene además de Joseph L. Henderson: Los mitos y el hombre moderno; M. L. von Franz: El proceso de individuación y la ciencia y el inconsciente; Ariela Jaffe: El simbolismo en las artes visuales 
650 0 |a Simbolismo  |9 267046 
650 0 |a Sueños   |9 267047 
650 0 |a Simbolismo en el arte  |9 265074 
583 |a last modification  |c 19911120 00:00:00  |k Rodrigo Vera 
999 |c 214169  |d 214167 
952 |0 0  |1 0  |2 ddc  |4 0  |6 154_600000000000000_JUN_1979  |7 0  |8 A  |9 197296  |a BIBART  |b BIBART  |d 2019-11-14  |i 1381458  |l 4  |o 154.6 JUN 1979  |p 1381458  |r 2025-03-13  |s 2024-07-30  |w 2019-11-14  |y BK  |k ART